Tilastot visalle Suomen pitkäaikaisimmat pääministerit

Klikkaa tästä pelataksesi tätä visaa!

Yleistilastot

  • Tätä visaa on pelattu 129 kertaa
    (90 viimeisimmän päivityksen jälkeen)
  • Keskiarvotulos 13 / 20

Vastaustilastot

VuorokausiaPääministeriVirassaPuolue% Oikein
2556Matti Vanhanen2003-2010Keskusta
94%
2927Paavo Lipponen1995-2003SDP
93%
3652Kalevi Sorsa1972-1975, 1977-1979, 1982-1987SDP
90%
1826Urho Kekkonen1950-1953, 1954-1956Maalaisliitto
90%
1458Harri Holkeri1987-1991Kokoomus
82%
1289Sanna Marin2019-2023SDP
82%
1449Esko Aho1991-1995Keskusta
81%
1761Mauno Koivisto1968-1970, 1979-1982SDP
81%
1099Jyrki Katainen2011-2014Kokoomus
76%
1470Juha Sipilä2015-2019Keskusta
71%
1087Ahti Karjalainen1962-1963, 1970-1971Maalaisliitto
64%
1186Karl-August Fagerholm1948-1950, 1956-1957, 1958-1959SDP
60%
1234Kyösti Kallio1922-1924, 1925-1926, 1929-1930, 1936-1937Maalaisliitto
53%
861Rafael Paasio1966-1968, 1972SDP
50%
807Martti Miettunen1961-1962, 1975-1977Maalaisliitto
49%
857Mauno Pekkala1946-1948SKDL
38%
1090V.J. Sukselainen1957, 1959-1961Maalaisliitto
38%
1296A.K. Cajander1922, 1924, 1937-1939Edistyspuolue
36%
1394Toivo Kivimäki1932-1936Edistyspuolue
25%
1007Juho Sunila1927-1928, 1931-1932Maalaisliitto
17%

Tulosjakauma

Persentiili vastausten määrän mukaan

Jokaisen tuloksen saaneiden osuus

Tuloshistoriasi

Et ole pelannut tätä visaa sen viimeisimmän päivityksen jälkeen